00814nam a2200193Ia 4500003000900000008004100009040001600050080001500066110004600081111006600127245020500193260004000398300001300438650003700451710001700488942000700505999001700512952009100529IN-BaIIA211028s9999 xx 000 0 eng d cIIA Library a515.5bISR aIndian Space Research Organisation922242 aNational Space Science SymposiumcIndiad1982 Feb. 3-6922243 0aCompilation of abstracts of contributed papers- Ionosphere and magnetospherebvol. 2, National Space Science Symposium held in Bangalore, India, 3-6, Ferbruary 1982cIndian Space Research Organisation aBangalorebHAL Printing Pressc1982 a170-365p aIonosphere, magnetosphere922244 aISRO 922245 cBK c12701d12701 00104070aBANbBANcGENd1998-10-08l0o515.5/ISRp13618r2021-11-05w1998-10-08yBK